[Event "ARG-ch sf"]
[Site "La Banda"]
[Date "2017.01.14"]
[Round "2"]
[White "Marson, Juan Miguel"]
[Black "Cuello, Facundo"]
[Result "0-1"]
[WhiteElo "1970"]
[BlackElo "1894"]
[PlyCount "72"]
[EventDate "2017.01.14"]
[EventType "swiss"]
[EventRounds "6"]
[EventCountry "ARG"]
[SourceTitle "CBM 176 Extra"]
[Source "ChessBase"]
[SourceDate "2017.03.02"]
[SourceVersion "1"]
[SourceVersionDate "2017.03.02"]
[SourceQuality "1"]

1. c4 c5 2. Nc3 Nf6 3. g3 g6 4. Bg2 Bg7 5. Nf3 d6 6. 0-0 0-0 7. d3 Nc6 8. a3 Rb8 9. Rb1 Bd7 10. Ne1 Qc8 11. b4 cxb4 12. axb4 Bh3 13. Qa4 Bxg2 14. Kxg2 b6 15. Bd2 Rb7 16. Nc2 Rd8 17. b5 Nb8 18. Nb4 e6 19. Rfc1 Rc7 20. Bg5 h6 21. Bxf6 Bxf6 22. Ne4 Bg7 23. Rc2 f5 24. Nd2 g5 25. Rbc1 Rf8 26. f4 gxf4 27. gxf4 Bd4 28. Nf3 Be3 29. Rg1 Rg7+ 30. Kf1 Bxg1 31. Nxg1 Qc5 32. Nf3 Qe3 33. Qb3 Rf6 34. Ke1 Rfg6 35. Kd1 Rg1+ 36. Ne1 Rxe1+ 0-1

[Event "ARG-ch U16"]
[Site "Rosario"]
[Date "2014.05.23"]
[Round "8"]
[White "Sosa, Tomas"]
[Black "Cuello, Facundo"]
[Result "1-0"]
[WhiteElo "2239"]
[BlackElo "1667"]
[PlyCount "43"]
[EventDate "2014.05.19"]
[EventType "tourn"]
[EventRounds "9"]
[EventCountry "ARG"]
[SourceTitle "CBM 160 Extra"]
[Source "ChessBase"]
[SourceDate "2014.07.01"]
[SourceVersion "1"]
[SourceVersionDate "2014.07.01"]
[SourceQuality "1"]

1. e4 e5 2. Nf3 Nc6 3. Bc4 Nf6 4. d3 Be7 5. Bb3 d6 6. c3 h6 7. Nbd2 0-0 8. Nf1 Re8 9. Ng3 Bf8 10. h3 Be6 11. Bc2 Ne7 12. Nh4 c5 13. Qf3 Qd7 14. Bxh6 gxh6 15. Qxf6 Bg7 16. Qf3 d5 17. Nh5 Ng6 18. Nf5 Bxf5 19. exf5 e4 20. dxe4 dxe4 21. Qg4 e3 22. 0-0 1-0

[Event "ARG-ch U16"]
[Site "Rosario"]
[Date "2014.05.19"]
[Round "1"]
[White "Acosta, Pablo Ismael"]
[Black "Cuello, Facundo"]
[Result "1-0"]
[WhiteElo "2199"]
[BlackElo "1667"]
[PlyCount "65"]
[EventDate "2014.05.19"]
[EventType "tourn"]
[EventRounds "9"]
[EventCountry "ARG"]
[SourceTitle "CBM 160 Extra"]
[Source "ChessBase"]
[SourceDate "2014.07.01"]
[SourceVersion "1"]
[SourceVersionDate "2014.07.01"]
[SourceQuality "1"]

1. c4 e5 2. g3 Nf6 3. Bg2 c6 4. Nf3 d6 5. 0-0 Be6 6. b3 Be7 7. Bb2 Nbd7 8. d4 exd4 9. Nxd4 Qc7 10. Nc3 Nf8 11. e4 Ng6 12. Nxe6 fxe6 13. Ne2 e5 14. b4 0-0 15. Qb3 Kh8 16. Bc3 Rad8 17. Rad1 Qb6 18. h3 a6 19. Nc1 h5 20. Nd3 Nd7 21. Qb2 h4 22. Qe2 Nf6 23. Kh1 Kg8 24. a3 Qc7 25. c5 Kf7 26. Qa2+ Ke8 27. cxd6 Bxd6 28. Qe6+ Qe7 29. Qf5 Kf7 30. g4 Nf4 31. Nxf4 exf4 32. g5 f3 33. Bxf3 1-0